000 01136cam a2200265 4500
001 L129372
008 050414n2004 000 0 eng u
020 _a1860817084
035 _a(Sirsi) u129372
041 _aeng
050 _a624.0687
_c22
100 _aGrigg, P.F.
245 _aWhole building commissioning
260 _aWatford
_bBRE
_c2004
300 _a4p.
_c30cm.
350 _a12
490 _aBRE Information Paper
_v8/04 Part 4
520 _aThis series of four Information Papers has been prepared as part of a BRE study undertaken for the DTI. They give advice for each of four groups on the contribution they might make to the procurement and delivery of buildings that are effectively and successfully serviced in relation to Approved Document L2 of the Building Regulations. The groups are: clients; designers; speciifiers; and facilities managers. This is the guide for facilities managers.
690 _aProcurement
_96260
700 _aGraves, H.
700 _aJaunzens, D.
710 _aUnited Kingdom
_bDepartment of Trade and Industry
710 _aBuilding Research Establishment
942 _n0
999 _c104162
_d104162